| 000 | 00937nam a22002417a 4500 | ||
|---|---|---|---|
| 003 | OSt | ||
| 005 | 20151026133603.0 | ||
| 008 | 130716s2012 sp ||||| |||| 00| 0 spa d | ||
| 040 | _cCDMR | ||
| 100 | 1 |
_93103 _aGuallar, Javier |
|
| 245 | 1 | 4 |
_aLas hemerotecas de la prensa digital _b: análisis de diarios españoles _cJavier Guallar ; Ernest Abadal, Lluís Codina (directors) _h[recurs electrònic] |
| 260 |
_aBarcelona _c2012 |
||
| 300 | _a223 p. | ||
| 502 |
_aTesi defensada el dia 11 de desembre de 2012 _cUniversitat de Barcelona. Departament de Biblioteconomia i Documentació |
||
| 650 | 0 | 4 |
_93188 _aPremsa digital _zEspanya |
| 650 | 0 | 4 |
_93093 _aArxius de premsa |
| 650 | 0 | 4 |
_92994 _aTesis i dissertacions acadèmiques |
| 700 | 1 |
_91541 _aAbadal, Ernest |
|
| 700 | 1 |
_92486 _aCodina, Lluís |
|
| 710 | 2 |
_93969 _aUniversitat de Barcelona |
|
| 856 | 4 | 0 |
_uhttp://hdl.handle.net/10803/96817 _yDisponible en línia (TDX) |
| 942 |
_2udc _cTSN-E |
||
| 999 |
_c6602 _d6602 |
||